Ťažké hľadanie dohody v neobvyklých podmienkach aj neobvyklé riešenie - dvojité členstvo

Bibliographic Details
Main Author: Gabura, Peter (Author)
Format: Article
Language:Slovak
Subjects:

MARC

LEADER 00000nab a2200000 a 4500
001 vtls000679169
003 SK-MaSNL
005 20260303183316.0
008 180205c1999 xo 0 slo
015 |a SNBRB1999/01-00789 
035 |a CLN000031338 
040 |a SNKBUCL  |b slo  |c SNKBUCL  |e AACR2 
041 0 |a slo 
044 |a xo  |c SK 
080 |a 329.3:28(4376)KDH  |2 UDC-MRF-SK2 
100 1 |a Gabura, Peter  |4 aut  |9 850053 
245 1 0 |a Ťažké hľadanie dohody  |b v neobvyklých podmienkach aj neobvyklé riešenie - dvojité členstvo  |c Peter Gabura 
610 2 7 |a Kresťanskodemokratické hnutie (politická strana).  |b Republiková rada  |2 snkbucl  |9 233324 
655 7 |a články z novín a časopisov  |2 snkbucl  |9 267496 
773 0 |t Fakty  |g Roč. 6, č. 2 (1999), s. 3 
850 |a Slovenská národná knižnica v Martine 
852 |a SNK  |b KIS3GCP 
958 |a RBX 
999 |c 2120213  |d 2122143